Bytový dom

Saved in:
Bibliographic Details
Main Author: Labašková, Veronika (Author)
Other Authors: Bielek, Boris (Thesis advisor)
Format: Manuscript Book
Language:Slovak
Published: 2022
Subjects:
Online Access:http://is.stuba.sk/zp/portal_zp.pl?podrobnosti=151518
https://opac.crzp.sk/?fn=detailBiblioForm&sid=A68E927B0776E61A8B5D95111187
Tags: Add Tag
No Tags, Be the first to tag this record!

MARC

LEADER 00000ntm a22000003a 4500
001 stuzp89380
003 SK-STU
005 20230509085100.5
007 ta
008 150427s2015----xo-----f-mn---000-0-slo-d
040 |a STU  |b slo 
041 0 |a slo 
100 1 |a Labašková, Veronika  |u 010180  |4 aut  |U SvF Stavebná fakulta  |T SvF Katedra konštrukcií pozemných stavieb  |X 98990  |U V180  |Y 18  |7 98990 
242 0 1 |a Residential house  |y eng 
245 1 0 |a Bytový dom 
260 |c 2022 
650 4 |a bytový dom  |2 slo 
650 4 |a realizačný projekt  |2 slo 
650 4 |a polyfunkcia  |2 slo 
650 4 |a Podunajské Biskupice  |2 slo 
650 4 |a Bratislava  |2 slo 
650 4 |a Šamorínska  |2 slo 
650 4 |a záverečná práca  |2 slo 
650 4 |a apartment house  |2 eng 
650 4 |a multifunctional  |2 eng 
650 4 |a Podunajské Biskupice  |2 eng 
650 4 |a Bratislava  |2 eng 
650 4 |a Šamorínska  |2 eng 
650 4 |a construction project  |2 eng 
650 4 |a final work  |2 eng 
700 1 |a Bielek, Boris  |u 010180  |k Z1  |4 ths  |U SvF Stavebná fakulta  |T SvF Katedra konštrukcií pozemných stavieb  |X 4303  |U V180  |Y 18  |7 A000004303 
856 4 |u http://is.stuba.sk/zp/portal_zp.pl?podrobnosti=151518 
856 4 |u https://opac.crzp.sk/?fn=detailBiblioForm&sid=A68E927B0776E61A8B5D95111187